Descubriendo el parque arqueológico nacional de Teyuna-Ciudad perdida : (Registro nro. 15351)
[ vista simple ]
| 000 -LEADER | |
|---|---|
| fixed length control field | 01029nam a22002417a 4500 |
| 003 - CONTROL NUMBER IDENTIFIER | |
| control field | OSt |
| 005 - DATE AND TIME OF LATEST TRANSACTION | |
| control field | 20210312104834.0 |
| 008 - FIXED-LENGTH DATA ELEMENTS--GENERAL INFORMATION | |
| fixed length control field | 210312s2013 ck ao||gr|||| 00| 0 spa d |
| 020 ## - INTERNATIONAL STANDARD BOOK NUMBER | |
| International Standard Book Number | 9789588181950 |
| 040 ## - CATALOGING SOURCE | |
| Original cataloging agency | CO-JMCR |
| Transcribing agency | CO-JMCR |
| 041 0# - LANGUAGE CODE | |
| Language code of text/sound track or separate title | spa |
| 082 04 - DEWEY DECIMAL CLASSIFICATION NUMBER | |
| Classification number | 918.6116 / |
| Item number | I597d |
| Edition number | 23 |
| 110 2# - MAIN ENTRY--CORPORATE NAME | |
| Corporate name or jurisdiction name as entry element | Instituto colombiano de antropología e historia |
| 9 (RLIN) | 35987 |
| 245 10 - TITLE STATEMENT | |
| Title | Descubriendo el parque arqueológico nacional de Teyuna-Ciudad perdida : |
| Remainder of title | libro interactivo para niños / |
| Statement of responsibility, etc. | Instituto colombiano de antropología e historia ; asesor científico, Víctor González Fernández |
| 250 ## - EDITION STATEMENT | |
| Edition statement | Primera edición |
| 260 ## - PUBLICATION, DISTRIBUTION, ETC. | |
| Place of publication, distribution, etc. | Bogotá : |
| Name of publisher, distributor, etc. | Imprenta Nacional de Colombia |
| Date of publication, distribution, etc. | 2013 |
| 300 ## - PHYSICAL DESCRIPTION | |
| Extent | 21 páginas : |
| Other physical details | ilustraciones y fotografías a color : |
| Dimensions | 16 x 22 cm + |
| Accompanying material | 1 CD. |
| 490 0# - SERIES STATEMENT | |
| Series statement | Colección infantil ICANH |
| 504 ## - BIBLIOGRAPHY, ETC. NOTE | |
| Bibliography, etc. note | bibliografía : páginas [23]. |
| 650 14 - SUBJECT ADDED ENTRY--TOPICAL TERM | |
| Topical term or geographic name entry element | Parque arqueológico de Teyuna (Ciudad perdida) |
| Geographic subdivision | Magdalena (Colombia) |
| 9 (RLIN) | 35988 |
| 650 24 - SUBJECT ADDED ENTRY--TOPICAL TERM | |
| Topical term or geographic name entry element | Parques arqueológicos |
| General subdivision | Guías |
| 9 (RLIN) | 35989 |
| 942 ## - ADDED ENTRY ELEMENTS (KOHA) | |
| Source of classification or shelving scheme | Dewey Decimal Classification |
| Koha item type | Books |
| Withdrawn status | Lost status | Source of classification or shelving scheme | Damaged status | Not for loan | Home library | Current library | Shelving location | Date acquired | Source of acquisition | Total Checkouts | Full call number | Barcode | Date last seen | Date last checked out | Copy number | Price effective from | Koha item type |
|---|---|---|---|---|---|---|---|---|---|---|---|---|---|---|---|---|---|
| Dewey Decimal Classification | Biblioteca Pública José María del Castillo y Rada | Biblioteca Pública José María del Castillo y Rada | General Stacks | Donación | 1 | 918.6116 / I597d | 201810821 | 05/16/2024 | 09/16/2022 | Ej.1 | 03/12/2021 | Books | |||||
| Dewey Decimal Classification | Biblioteca Pública José María del Castillo y Rada | Biblioteca Pública José María del Castillo y Rada | Audio Visual | Donación | 918.6116 / I597d | 201810849 | 03/12/2021 | Ej.1 | Books |